| 000 | 00968nam0a2200301 4500 | ||
|---|---|---|---|
| 001 | RU\NLR\bibl\1244459 | ||
| 005 | 20250615122155.0 | ||
| 010 |
_a978-5-91096-026-2 _9200 |
||
| 021 |
_aRU _b2008-32786 _91804 |
||
| 035 | _a(NLR Aleph) 001230616 | ||
| 090 |
_a196050 _c196050 |
||
| 100 | _a20080625d2007 |||y0rusy50 ca | ||
| 101 | 0 | _arus | |
| 102 | _aRU | ||
| 105 | _aa ||||||||| | ||
| 200 | 1 |
_aГреки - гордость России _fБорис Ягубов |
|
| 210 |
_aНовопавловск _cКировская районная типография _d2007 |
||
| 215 |
_a127 с. _cил., портр., факс. _d21 |
||
| 225 | 1 | _aЮжная звезда | |
| 606 | 1 |
_aГреки _yРоссия _92207010 _3RU\NLR\AUTH\661325944 |
|
| 686 | _aТ3(29=Гр) | ||
| 700 | 1 |
_aЯгубов _bБ. _gБорис _4070 |
|
| 801 | 0 |
_aRU _bNLR _c20080625 _gRCR |
|
| 801 | 1 |
_aRU _bNLR _c20080625 |
|
| 942 | _cBOOK | ||
| 980 | _aNB | ||